00544 2200181 4500001002100000005001700021008004100038035002600079245008900105100002800194260003500222300002600257020001800283082001100301084001700312650002100329990001200350INLIS00000000000015420240612145247.0240612| ||| | ind  a 0010-06240000000015400aAgar Hati Selalu Cemerlang :bSeni Merawat dan Menjaga HaticAbdul Hadi Hasan Wahbiy0 aAbdul Hadi Hasan Wahbiy aKlaten :bPustaka Ausathc2008 a122 halaman ;c20 cm. a979-1651-34-50 a297.27 a297.27 ABD a 0aIslam and Social a0000192